[Event "Tczew-ch"]
[Site "Tczew"]
[Date "2009.11.12"]
[Round "2"]
[White "Mokwa, Mikolaj"]
[Black "Bodio, Leszek"]
[Result "0-1"]
[WhiteElo "1452"]
[BlackElo "1832"]
[PlyCount "70"]
[EventDate "2009.11.09"]
[EventType "tourn"]
[EventRounds "7"]
[EventCountry "POL"]
[SourceTitle "EXT 2023"]
[Source "ChessBase"]
[SourceDate "2022.10.05"]
[SourceVersion "1"]
[SourceVersionDate "2022.10.05"]
[SourceQuality "1"]

1. e4 e5 2. Nf3 Nc6 3. Bc4 Be7 4. Nc3 Nf6 5. d4 d6 6. dxe5 Nxe5 7. Nxe5 dxe5 8. 0-0 c6 9. Qxd8+ Bxd8 10. b3 0-0 11. Bb2 Re8 12. Rad1 Bb6 13. h3 Nh5 14. Ne2 Bc5 15. Rd2 b5 16. Bd3 g5 17. g4 Nf4 18. Nxf4 gxf4 19. c4 b4 20. Be2 f6 21. Rfd1 Be6 22. Kg2 Kf7 23. f3 a5 24. Bd3 a4 25. Bb1 a3 26. Bc1 Rg8 27. Kh2 h5 28. Rg2 hxg4 29. fxg4 Rh8 30. Rd3 Rag8 31. Bc2 Bxg4 32. Bd1 Be6 33. Rxg8 Rxg8 34. Bh5+ Ke7 35. Rd1 Rg3 0-1

[Event "Tczew-ch"]
[Site "Tczew"]
[Date "2008.11.04"]
[Round "3.2"]
[White "Krzywkowski, Marcin"]
[Black "Bodio, Leszek"]
[Result "1-0"]
[WhiteElo "1984"]
[BlackElo "1820"]
[PlyCount "133"]
[EventDate "2008.10.21"]
[EventType "swiss"]
[EventRounds "9"]
[EventCountry "POL"]
[SourceTitle "EXT 2023"]
[Source "ChessBase"]
[SourceDate "2022.10.05"]
[SourceVersion "1"]
[SourceVersionDate "2022.10.05"]
[SourceQuality "1"]

1. e4 e5 2. Nf3 Nc6 3. Bb5 a6 4. Ba4 Nf6 5. 0-0 b5 6. Bb3 Be7 7. Re1 d6 8. c3 Na5 9. Bc2 c5 10. d4 cxd4 11. cxd4 Qc7 12. h3 0-0 13. Nbd2 Bd7 14. Nf1 Rfc8 15. Ne3 Nc4 16. Nxc4 bxc4 17. Bd2 Ne8 18. Bc3 Bf6 19. Rc1 Be6 20. Qd2 h6 21. Ba5 Qa7 22. Bc3 Qb8 23. Ba4 Ra7 24. Rcd1 Rb7 25. d5 Bd7 26. Bxd7 Rxd7 27. Re3 Rb7 28. Qe2 g6 29. Ne1 Bg5 30. Rg3 Ng7 31. Nc2 Rxb2 32. Bxb2 Qxb2 33. Nd4 Rb8 34. Qxb2 Rxb2 35. Nc6 Rxa2 36. Rc3 Ra4 37. h4 Bxh4 38. Rdc1 Bg5 39. Rxc4 Ra3 40. R1c3 Ra1+ 41. Kh2 f5 42. f3 fxe4 43. fxe4 Nh5 44. g3 Nf6 45. Nb4 Ng4+ 46. Kh3 Ne3 47. Rc8+ Kf7 48. R3c7+ Be7 49. Rc1 Ra4 50. Re1 Bg5 51. Nc6 Rxe4 52. Re2 h5 53. Rf2+ Nf5 54. Rc7+ Kf6 55. Nd8 Be3 56. Rf7+ Kg5 57. Ne6+ Kh6 58. Rf8 Kh7 59. Rb2 Ng7 60. Rb7 Bh6 61. Nxg7 Bxg7 62. Rff7 Rd4 63. Rxg7+ Kh6 64. Rgd7 Rxd5 65. Rb6 e4 66. Rdxd6 Rg5 67. Rxa6 1-0

[Event "Tczew-ch UKS Centrum"]
[Site "Tczew"]
[Date "2008.04.22"]
[Round "6"]
[White "Herold, Henryk"]
[Black "Bodio, Leszek"]
[Result "0-1"]
[WhiteElo "1452"]
[BlackElo "1820"]
[PlyCount "102"]
[EventDate "2008.04.01"]
[EventType "tourn"]
[EventRounds "9"]
[EventCountry "POL"]
[SourceTitle "EXT 2023"]
[Source "ChessBase"]
[SourceDate "2022.10.05"]
[SourceVersion "1"]
[SourceVersionDate "2022.10.05"]
[SourceQuality "1"]

1. e4 e5 2. Nf3 Nc6 3. Bc4 Be7 4. 0-0 Nf6 5. d4 Nxe4 6. Nxe5 d5 7. Bb5 Bd7 8. Bxc6 bxc6 9. f3 Nf6 10. Bg5 0-0 11. Nd2 c5 12. c3 cxd4 13. cxd4 Bb5 14. Re1 c5 15. a4 Be8 16. Nb3 c4 17. Nc5 Qc7 18. Kh1 Bxc5 19. Bxf6 gxf6 20. Ng4 Be7 21. Qe2 Bd8 22. Qe3 Bd7 23. Nh6+ Kg7 24. g4 Re8 25. Nf5+ Bxf5 26. Qxe8 Be6 27. Rxe6 fxe6 28. Qxe6 Qf7 29. Qf5 Bb6 30. Rd1 Re8 31. Rd2 Qe6 32. Qxe6 Rxe6 33. Kg2 Re3 34. Kf2 Rd3 35. Rxd3 cxd3 36. Ke3 Bxd4+ 37. Kxd3 Bxb2 38. f4 a5 39. h4 h6 40. Kc2 Bd4 41. Kd3 Bf2 42. h5 Kf7 43. Ke2 Bg3 44. Kf3 Be1 45. Ke2 Bc3 46. Kd3 Ba1 47. Kc2 Ke6 48. Kb1 Bd4 49. Kc2 Be3 50. f5+ Ke5 51. Kd3 Bg5 0-1

[Event "Tczew-ch"]
[Site "Tczew"]
[Date "2007.10.02"]
[Round "1"]
[White "Bodio, Leszek"]
[Black "Ryszkowski, Radoslaw"]
[Result "1-0"]
[WhiteElo "2000"]
[BlackElo "1600"]
[PlyCount "117"]
[EventDate "2007.10.02"]
[EventType "swiss"]
[EventRounds "9"]
[EventCountry "POL"]
[SourceTitle "EXT 2023"]
[Source "ChessBase"]
[SourceDate "2022.10.05"]
[SourceVersion "1"]
[SourceVersionDate "2022.10.05"]
[SourceQuality "1"]

1. Nf3 Nf6 2. d4 g6 3. c4 d6 4. Nc3 Bg7 5. e4 Nc6 6. d5 Nb8 7. Be2 0-0 8. 0-0 e5 9. Ne1 Nbd7 10. Be3 Ne8 11. b4 b6 12. a4 h6 13. Qd2 Kh7 14. Nd3 Ndf6 15. c5 Ba6 16. b5 Bc8 17. c6 Ng4 18. Bxg4 Bxg4 19. f3 Bc8 20. a5 f5 21. axb6 cxb6 22. Nb4 f4 23. Bf2 Nf6 24. Na4 Rb8 25. Rfc1 Qc7 26. Ra3 g5 27. Rca1 Qf7 28. Nc3 Qh5 29. Rxa7 g4 30. fxg4 Nxg4 31. h3 f3 32. hxg4 Qxg4 33. g3 Qh3 34. Be1 Rf4 35. Rxg7+ Kxg7 36. Ra7+ Kh8 37. gxf4 Qg4+ 38. Kf2 exf4 39. Qd4+ Kg8 40. Rg7+ Qxg7 41. Qxg7+ Kxg7 42. Kxf3 Ra8 43. Kxf4 Ra5 44. Bf2 Ra3 45. Bxb6 Kf7 46. Bd4 Rb3 47. Nd3 Kg6 48. e5 dxe5+ 49. Nxe5+ Kf6 50. Ne4+ Ke7 51. d6+ Ke6 52. Nc5+ Kxd6 53. Nxb3 Kc7 54. Bc5 h5 55. b6+ Kb8 56. Na5 h4 57. Bd6+ Ka8 58. b7+ Bxb7 59. cxb7+ 1-0

[Event "POL-chT3 Pomorskie"]
[Site "Poland"]
[Date "2007.04.29"]
[Round "?"]
[White "Bodio, Leszek"]
[Black "Poniewierski, Piotr"]
[Result "1/2-1/2"]
[WhiteElo "2000"]
[BlackElo "2046"]
[PlyCount "87"]
[EventDate "2007.03.25"]
[EventType "team-tourn"]
[EventRounds "10"]
[EventCountry "POL"]
[SourceTitle "EXT 2019"]
[Source "ChessBase"]
[SourceDate "2018.10.10"]
[SourceVersion "1"]
[SourceVersionDate "2018.10.10"]
[SourceQuality "1"]

1. Nf3 c5 2. c4 Nf6 3. Nc3 e6 4. g3 b6 5. Bg2 Bb7 6. 0-0 Be7 7. d3 0-0 8. e4 d6 9. Ne1 Nc6 10. f4 Qc7 11. b3 a6 12. Bb2 Rab8 13. g4 Nd4 14. g5 Nd7 15. Ne2 e5 16. h4 Nxe2+ 17. Qxe2 exf4 18. Rxf4 d5 19. e5 d4 20. Bxb7 Rxb7 21. Nf3 f6 22. gxf6 gxf6 23. Rg4+ Kh8 24. Re1 Nxe5 25. Nxe5 Qxe5 26. Qxe5 fxe5 27. Rxe5 Rf3 28. Bc1 Bf8 29. Reg5 Rg7 30. Rf4 Rxg5+ 31. hxg5 Rxf4 32. Bxf4 Kg7 33. Kg2 Kg6 34. a4 Kf5 35. Kf3 Be7 36. Bc7 Bxg5 37. Bxb6 Be7 38. Bc7 h5 39. Kg3 Bf6 40. Bb6 Be5+ 41. Kf3 Bd6 42. Bd8 Bf8 43. Kg3 Bd6+ 44. Kf3 1/2-1/2